Sem remorso / (Record no. 156)

MARC details
000 -LÍDER
campo de controle de tamanho fixo 01199nam a2200349 4500
001 - NÚMERO DE CONTROLE
campo de controle 156
003 - IDENTIFICADOR DO NÚMERO DE CONTROLE
campo de controle OSt
005 - DATA E HORÁRIO DA ÚLTIMA TRANSAÇÃO
campo de controle 20250528074013.0
008 - CAMPO DE DADOS FIXOS--INFORMAÇÃO GERAL
campo de controle de tamanho fixo 250129b |||||||g |||| 00| 1 eng d
020 ## - ISBN - INTERNATIONAL STANDARD BOOK NUMBER
ISBN - International Standard Book Number 8571232040
040 ## - FONTE DA CATALOGAÇÃO
Idioma da catalogação por
041 ## - CÓDIGO DE IDIOMA
Código do idioma do original e/ou traduções intermediárias do texto eng
Código do idioma do texto/trilha sonora ou título diferente por
082 ## - CDD - CLASSIFICAÇÃO DECIMAL DE DEWEY
Número de Classificação 813
Número do exemplar C587s
100 1# - ENTRADA PRINCIPAL--NOME PESSOAL
Nome pessoal Clancy, Tom,
Datas associadas ao nome 1947-2013
9 (RLIN) 294
240 ## - TÍTULO UNIFORME
Título uniforme Without Remorse
245 ## - TÍTULO
Título Sem remorso /
Indicação de responsabilidade, etc. Clancy, Tom ; Tradução de Ronaldo Sergio de Biasi
250 ## - EDIÇÃO
Declaração de edição 3° edição
260 ## - PUBLICAÇÃO, DISTRIBUIÇÃO, ETC.
Local de publicação, distribuição, etc. Rio de Janeiro
Nome do editor, distribuidor, etc. Record
Data da publicação, distribuição, etc. 1996
300 ## - DESCRIÇÃO FÍSICA
Extensão 700 p.
490 1# - TÍTULO DA SÉRIE
Título da série Tom Clancy´s Jack Ryan
Número do volume ou designação sequencial da série Livro 01
520 ## - NOTA DE RESUMO, ETC.
Resumo, etc. Um ex combatente do Vietnam se envolve com uma jovem drogada, o que vai desencadear uma verdadeira guerra em Baltimore, quando a jovem é assassinada. Entre guerra com traficantes e retornos ao Vietnan, o protagonista acaba sendo recrutado pela CIA.
650 #0 - ASSUNTO--TERMO TÓPICO
Cabeçalho tópico ou nome geográfico Literatura Americana
9 (RLIN) 84
650 #0 - ASSUNTO--TERMO TÓPICO
Cabeçalho tópico ou nome geográfico Crime e Investigação
9 (RLIN) 13
650 #0 - ASSUNTO--TERMO TÓPICO
Cabeçalho tópico ou nome geográfico Ação
9 (RLIN) 64
650 #0 - ASSUNTO--TERMO TÓPICO
Cabeçalho tópico ou nome geográfico Suspense
9 (RLIN) 10
650 #0 - ASSUNTO--TERMO TÓPICO
Cabeçalho tópico ou nome geográfico Filme
9 (RLIN) 26
655 #0 - TERMO DE ÍNDICE--GÊNERO E FORMA
Gênero/forma/ou termo foco Romance
655 #0 - TERMO DE ÍNDICE--GÊNERO E FORMA
Gênero/forma/ou termo foco Ficção
700 ## - ENTRADA ADICIONADA - NOME PESSOAL
Nome pessoal Ronaldo Sergio de Biasi
Função do autor por extenso Tradutor
9 (RLIN) 81
830 ## - ENTRADA SECUNDÁRIA DE SÉRIE--TÍTULO UNIFORME
Título uniforme Tom Clancy´s Jack Ryan
Número do volume ou designação sequencial da série Livro 01
9 (RLIN) 299
942 ## - ELEMENTOS DE ENTRADA ADICIONADOS (KOHA)
Fonte de classificação ou esquema de arquivamento Classificação decimal de Dewey
Ocultar no OPAC Não
Tipo de material Koha Livros
Holdings
Situação do descarte Situação das perdas Fonte de classificação ou esquema de arquivamento Materiais especificados (volume encadernado ou outra parte) Status danificado Não pode ser emprestado Coleção Biblioteca de origem Biblioteca atual Localização na estante Data de aquisição Fonte de aquisição Total de empréstimos Número de chamada completo Código de barras Data de último acesso Data do preço efetivo Tipo de material Koha
    Classificação decimal de Dewey Livro 01     Ficção Biblioteca Professor Eduardo Afonso de Castro Biblioteca Professor Eduardo Afonso de Castro Literatura Estrangeira 06.06.1998 doação   813 / C587s 2025-11009 29.01.2025 29.01.2025 Livros

Powered by Koha